[Event "AUTO-INT-1261"]
[Site "http://www.queenalice.com/game.php?id=566878"]
[Date "2009.4.4"]
[Round "1"]
[White "RatzMeister"]
[Black "daniel0176"]
[Result "1/2-1/2"]
[WhiteElo "1727"]
[BlackElo "1699"]

1. e4 e5 2. Nf3 Nc6 3. Bc4 Qe7 4. d3 Nf6 5. Nc3 d6 6. a3 h6 7. O-O Be6 8. b4
O-O-O 9. Be3 g5 10. b5 Na5 11. Bxe6+ Qxe6 12. g3 Bg7 13. Rb1 d5 14. d4 dxe4 15.
Nxe5 Nc4 16. d5 Nxd5 17. Nxc4 Nxc3 18. Qc1 Ne2+ 19. Kg2 Nxc1 20. Rbxc1 Qxc4 21.
h4 gxh4 22. gxh4 Qxb5 23. c4 Qb3 24. c5 Qxa3 25. c6 b6 26. f4 Qxe3 27. Rf3 exf3+
28. Kg3 f2+ 29. Kg2 Qxc1 30. Kxf2 Bd4+ 31. Kf3 Qe3+ 32. Kg4 Rhg8+ 33. Kh5 Qxf4
1/2-1/2

[Event "AUTO-INT-1261"]
[Site "http://www.queenalice.com/game.php?id=566879"]
[Date "2009.4.4"]
[Round "1"]
[White "daniel0176"]
[Black "RatzMeister"]
[Result "1-0"]
[WhiteElo "1635"]
[BlackElo "1734"]

1. e4 e5 2. Nc3 Bc5 3. Qe2 Nf6 4. Nf3 d6 5. d3 Nc6 6. Be3 b6 7. Qd2 h6 8. Be2
Be6 9. O-O Bxe3 10. Qxe3 Nb4 11. Bd1 c5 12. a3 Nc6 13. Re1 g5 14. Be2 g4 15. Nh4
Nd4 16. Bd1 a5 17. f3 h5 18. g3 b5 19. a4 b4 20. Na2 Rb8 21. c3 bxc3 22. bxc3
Nc6 23. Rf1 Rb2 24. c4 Rg8 25. f4 Nd4 26. Nc3 Rb3 27. Bxb3 Nxb3 28. Rab1 Nd4 29.
Nb5 Kd7 30. fxe5 dxe5 31. Nf5 Kc6 32. Na7+ Kd7 33. Rb7+ Ke8 34. Nc6 Nxc6 35.
Qxc5 Bxf5 36. Rxf5 Qd4+ 37. Qxd4 Nxd4 38. Rxf6 Ne6 39. Rfxf7 Rg7 40. Rxg7 Nxg7
41. Rxg7 Kf8 42. Rg5 Kf7 43. Rxe5 Kg6 44. Rxa5 Kf6 45. c5 Ke5 46. c6+ Kd4 47. c7
Kxd3 48. c8=Q Kxe4 49. Qe6+ Kd3 50. Rd5+ Kc4 51. Qc6+ Kb4 52. Rd4+ Kb3 53. Qb5+
Kc3 54. Qc4+ Kb2 55. Rd2+ Kb1 56. Qa2+ Kc1 57. Qc2# 1-0

[Event "Challenge"]
[Site "http://www.queenalice.com/game.php?id=568693"]
[Date "2009.4.8"]
[Round "-"]
[White "filipewao"]
[Black "RatzMeister"]
[Result "0-1"]
[WhiteElo "1534"]
[BlackElo "1729"]

1. e4 e5 2. Nf3 Nc6 3. Bc4 d6 4. d3 h6 5. d4 g5 6. d5 Na5 7. b3 Nxc4 8. bxc4 c5
9. O-O g4 10. Nfd2 Nf6 11. f3 Rg8 12. Nb3 g3 13. h3 a6 14. Qe1 b5 15. cxb5 axb5
16. f4 c4 17. N3d2 Qb6+ 18. Kh1 Bxh3 19. gxh3 g2+ 20. Kh2 gxf1=N+ 21. Nxf1 Qg1#
0-1

[Event "Challenge"]
[Site "http://www.queenalice.com/game.php?id=574633"]
[Date "2009.4.19"]
[Round "-"]
[White "RatzMeister"]
[Black "fbenevides"]
[Result "1-0"]
[WhiteElo "1723"]
[BlackElo "1811"]

1. e4 e5 2. Nf3 d6 3. Bc4 h6 4. Nc3 Nf6 5. O-O a6 6. d4 exd4 7. Qxd4 Nc6 8. Qd2
Qe7 9. Nd5 Nxd5 10. Bxd5 Nd8 11. Bb3 Qf6 12. Re1 Qg6 13. e5 Be7 14. Qe3 Bh3 15.
g3 O-O 16. exd6 Bxd6 17. Ne5 Bxe5 18. Qxe5 Rc8 19. Bf4 Nc6 20. Qc5 b6 21. Qc3
Bd7 22. Rad1 Bf5 23. f3 a5 24. a4 Nd8 25. g4 Bxg4 26. fxg4 Qxg4+ 27. Qg3 Qxg3+
28. Bxg3 c5 29. c4 Nc6 30. Rd6 Nd4 31. Bd1 Rfe8 32. Rxb6 Rxe1+ 33. Bxe1 Nc6 34.
Rb5 Rd8 35. Rxc5 Rxd1 36. Kf2 Ne7 37. Bxa5 Ra1 38. b3 Rb1 39. Bd8 Ng6 40. Rb5
Nf4 41. Ke3 Ne6 42. Ba5 Kh7 43. c5 Rc1 44. Bb6 g5 45. Kd2 Rh1 46. Kc3 Rxh2 47.
a5 Ra2 48. c6 Kg6 49. c7 Nxc7 50. Bxc7 f5 51. Kd3 f4 52. Bxf4 gxf4 53. Ke4 Rf2
54. a6 f3 55. Ra5 Re2+ 56. Kxf3 Re8 57. a7 Ra8 58. b4 Rf8+ 59. Kg3 Ra8 60. b5
Rxa7 61. Rxa7 Kg5 62. b6 h5 63. b7 h4+ 64. Kh3 Kh5 65. b8=Q 1-0

[Event "Challenge"]
[Site "http://www.queenalice.com/game.php?id=581318"]
[Date "2009.5.2"]
[Round "-"]
[White "RatzMeister"]
[Black "filipewao"]
[Result "1-0"]
[WhiteElo "1714"]
[BlackElo "1531"]

1. e4 e5 2. Nf3 Nc6 3. Bc4 Bc5 4. d3 d6 5. Nc3 Bg4 6. h3 Bxf3 7. Qxf3 Qf6 8.
Qxf6 Nxf6 9. O-O O-O-O 10. Bg5 Rhf8 11. Bxf6 gxf6 12. a3 Ne7 13. Nd5 f5 14.
Nxe7+ Kb8 15. Nxf5 a6 16. b4 Bd4 17. Rac1 Bb2 18. Rb1 Bc3 19. b5 a5 20. b6 cxb6
21. Rxb6 Kc7 22. Rfb1 Rb8 23. Nxd6 Bd4 24. R6b5 Kxd6 25. Rxa5 b6 26. Rd5+ Ke7
27. a4 Kf6 28. g3 Kg5 29. Kg2 Ra8 30. f4+ Kf6 31. fxe5+ Bxe5 32. Rxb6+ Kg7 33.
Rxe5 Rxa4 34. Rg5+ Kh8 35. Bxf7 Ra7 36. Bd5 Ra1 37. h4 Raf1 38. c4 R8f2+ 39. Kh3
Rh1+ 40. Kg4 Rxh4+ 41. Kxh4 Rh2+ 42. Kg4 h5+ 43. Rxh5+ Rxh5 44. Kxh5 Kg7 45. Kg5
Kf8 46. Rb7 Ke8 47. Kf6 Kd8 48. e5 Ke8 49. e6 Kd8 50. e7+ Ke8 51. Bc6# 1-0

[Event "Challenge"]
[Site "http://www.queenalice.com/game.php?id=586440"]
[Date "2009.5.10"]
[Round "-"]
[White "Cristiano_Siqueira"]
[Black "RatzMeister"]
[Result "1-0"]
[WhiteElo "1085"]
[BlackElo "1743"]

1. e4 e5 2. Nf3 Nc6 3. Bc4 Bc5 4. O-O d6 5. h3 Nf6 6. Nc3 a6 7. d3 h6 8. Qe2 O-O
9. Be3 Be6 10. Bxe6 fxe6 11. Bxc5 dxc5 12. Nd2 Nd4 13. Qd1 b5 14. a4 b4 15. Ne2
c6 16. Nc4 Qc7 17. c3 bxc3 18. bxc3 Nxe2+ 19. Qxe2 g5 20. Qe3 Nd7 21. Qg3 Rf4
22. Rab1 Kg7 23. Qe3 Rb8 24. Rxb8 Qxb8 25. Rc1 Kg6 26. Ra1 Qb3 27. Qd2 h5 28.
Qc1 h4 29. Ne3 a5 30. Nc4 Qb8 31. Nxa5 c4 32. Nxc4 Qa7 33. Qd2 Qc5 34. a5 Qa7
35. a6 Nc5 36. Nxe5+ Kf6 37. Qe3 Kxe5 38. Qd4# 1-0

[Event "Partida valendo uma Antarctica!"]
[Site "http://www.queenalice.com/game.php?id=595291"]
[Date "2009.5.29"]
[Round "-"]
[White "PHSP"]
[Black "RatzMeister"]
[Result "0-1"]
[WhiteElo "1477"]
[BlackElo "1756"]

1. e4 e5 2. Bc4 Bc5 3. Bxf7+ Kxf7 4. Qf3+ Nf6 5. d3 h6 6. Ne2 Nc6 7. c3 d6 8.
Be3 Bg4 9. Qg3 Bxe2 10. Kxe2 g5 11. c4 Nd4+ 12. Kd1 Qd7 13. b3 c6 14. Nd2 a5 15.
a4 Kg6 16. h4 Qg4+ 17. Qxg4 Nxg4 18. f3 Nxe3+ 19. Kc1 Nxg2 20. h5+ Kg7 21. Rh2
Ne1 22. Kd1 Nxd3 23. Rb1 Bb4 24. Rh3 Nf2+ 25. Ke1 Nxh3 26. Kd1 Bxd2 27. Kxd2
Nxf3+ 28. Ke3 Rhf8 29. Rf1 Nd4 30. Rxf8 Rxf8 31. Kd3 Rf3+ 32. Kd2 g4 33. Kc1 g3
34. Kb2 Rxb3+ 35. Ka2 g2 36. Ka1 g1=Q+ 37. Ka2 Qb1# 0-1

[Event "Challenge"]
[Site "http://www.queenalice.com/game.php?id=605386"]
[Date "2009.6.18"]
[Round "-"]
[White "filipewao"]
[Black "RatzMeister"]
[Result "0-1"]
[WhiteElo "1582"]
[BlackElo "1743"]

1. e4 e5 2. Nf3 Nc6 3. c3 d5 4. exd5 Qxd5 5. d4 e4 6. Nfd2 Nf6 7. Bc4 Qg5 8. O-O
Bh3 9. g3 Bxf1 10. Nxf1 Qf5 11. Ne3 Qd7 12. d5 Ne5 13. Bf1 Bc5 14. Bg2 Bxe3 15.
Bxe3 O-O 16. Qc2 Qxd5 17. Nd2 b5 18. Nxe4 Qe6 19. Ng5 Qc4 20. Bxa8 Rxa8 21. Bd4
Qd3 22. Qb3 Nf3+ 23. Nxf3 Qxf3 24. Qxb5 a6 25. Qg5 h6 26. Qe5 c6 27. Re1 Re8 28.
Re3 Qd1+ 29. Re1 Qxe1+ 30. Qxe1 Rxe1+ 31. Kg2 Re2 32. c4 Re4 33. Be3 Rxc4 34. b3
Rc2 35. Bd4 Rxa2 36. Bxf6 gxf6 37. h4 Rb2 38. g4 Rxb3 39. f3 a5 40. Kg3 a4 41.
g5 fxg5 42. Kg4 a3 43. Kh5 gxh4 44. Kxh4 a2 45. f4 a1=Q 46. Kg4 Qg1+ 47. Kf5
Qg6+ 48. Ke5 Re3+ 49. Kd4 Qe4+ 50. Kc5 Qd5+ 51. Kb6 c5 52. f5 c4 53. f6 Re6+ 54.
Kc7 Qd6+ 55. Kb7 Qd7+ 56. Kb8 Re8# 0-1

[Event "Challenge"]
[Site "http://www.queenalice.com/game.php?id=616519"]
[Date "2009.7.10"]
[Round "-"]
[White "RatzMeister"]
[Black "Cristiano_Siqueira"]
[Result "0-1"]
[WhiteElo "1756"]
[BlackElo "1128"]

1. e4 e5 2. Nf3 Nc6 3. Bc4 Bc5 4. d3 Nf6 5. O-O d6 6. h3 h6 7. Nc3 O-O 8. a3 a6
9. Be3 Bxe3 10. fxe3 b5 11. Bd5 Nxd5 12. exd5 Ne7 13. e4 Bd7 14. b4 c6 15. d4
cxd5 16. exd5 Qc7 17. Qd3 Rac8 18. Ne4 f5 19. dxe5 fxe4 20. Qxe4 Bf5 21. Qe2
Nxd5 22. exd6 Qxd6 23. Rac1 Nf4 24. Qd2 Qxd2 25. Nxd2 Ne2+ 26. Kh2 Nxc1 27. Rxc1
Bxc2 28. Nf3 Be4 29. Rxc8 Rxc8 30. Kg3 Rc3 31. Kf4 Bxf3 32. gxf3 Rxa3 33. h4 Rb3
34. Kg4 Rxb4+ 35. Kh5 Rf4 36. Kg6 b4 37. h5 Rf6# 0-1

[Event "Partida valendo 1 Açaí Gigante"]
[Site "http://www.queenalice.com/game.php?id=630873"]
[Date "2009.8.5"]
[Round "-"]
[White "RatzMeister"]
[Black "filipewao"]
[Result "1-0"]
[WhiteElo "1769"]
[BlackElo "1557"]

1. e4 e5 2. Nf3 Nc6 3. Bc4 h6 4. Nc3 Nf6 5. d3 Bb4 6. Bd2 d6 7. a3 Bc5 8. b4 Bd4
9. O-O Bg4 10. h3 Bxf3 11. Qxf3 O-O 12. b5 Ne7 13. Rab1 c6 14. bxc6 bxc6 15. Ne2
d5 16. Bb3 Ng6 17. Be3 Bb6 18. g4 d4 19. Bd2 Ba5 20. g5 hxg5 21. Bxg5 Qb6 22.
Bxf7+ Rxf7 23. Rxb6 axb6 24. Bxf6 Rxf6 25. Qg4 b5 26. f4 exf4 27. Nxf4 Ne5 28.
Qg5 Bc7 29. Qh5 Nxd3 30. Nxd3 Bh2+ 31. Kg2 Rh6 32. Qf7+ Kh7 33. Kxh2 Kh8 34. Ne5
Rf6 35. Rxf6 Rg8 36. Qh5# 1-0

[Event "CRI_PAU_FI_RA"]
[Site "http://www.queenalice.com/game.php?id=633021"]
[Date "2009.8.8"]
[Round "1"]
[White "filipewao"]
[Black "RatzMeister"]
[Result "0-1"]
[WhiteElo "1566"]
[BlackElo "1761"]

1. e4 e5 2. Nf3 Nc6 3. Bc4 Bc5 4. c3 Bxf2+ 5. Kxf2 Nf6 6. Ng5 O-O 7. Rf1 Nxe4+
8. Nxe4 Qh4+ 9. Kg1 Qxe4 10. d3 Qg6 11. b4 d6 12. b5 Ne7 13. Qb3 Bh3 14. Rf2 c6
15. bxc6 bxc6 16. a4 a5 17. Bxf7+ Rxf7 18. Rxf7 Qxg2# 0-1

[Event "Challenge"]
[Site "http://www.queenalice.com/game.php?id=641668"]
[Date "2009.8.24"]
[Round "-"]
[White "Cristiano_Siqueira"]
[Black "RatzMeister"]
[Result "1-0"]
[WhiteElo "1128"]
[BlackElo "1769"]

1. Nf3 d5 2. c4 Nc6 3. cxd5 Qxd5 4. Nc3 Qd6 5. d4 e6 6. e4 f6 7. d5 exd5 8. exd5
Ne5 9. Bf4 Qb4 10. Bxe5 fxe5 11. Bb5+ Bd7 12. Bxd7+ Kxd7 13. Nxe5+ Ke7 14. O-O
g6 15. Re1 Kd6 16. Nf7+ Kd7 17. Re4 Qc5 18. Qg4# 1-0

[Event "Partida valendo o Nada"]
[Site "http://www.queenalice.com/game.php?id=659407"]
[Date "2009.9.28"]
[Round "-"]
[White "filipewao"]
[Black "RatzMeister"]
[Result "0-1"]
[WhiteElo "1543"]
[BlackElo "1777"]

1. e4 e5 2. Nf3 Nc6 3. d4 d6 4. d5 Nd4 5. Nxd4 exd4 6. Qxd4 Nf6 7. Bg5 Be7 8. e5
dxe5 9. Qxe5 Qxd5 10. Qxc7 Bd6 11. Bb5+ Qxb5 12. Qc3 Qxg5 13. O-O O-O 14. Nd2 b5
15. Nf3 Qg6 16. g3 Bb7 17. Rad1 Rac8 18. Qb3 Rfd8 19. Qxb5 Bxf3 20. Rd3 Be2 21.
Re1 Bxd3 22. cxd3 Rb8 23. Qa6 Rxb2 24. Qxa7 Qxd3 25. a4 Ne4 26. Qa5 Bb4 27. Qe5
Bxe1 28. Qxb2 Bxf2+ 29. Kg2 Bxg3 30. hxg3 Qxg3+ 31. Kf1 Rd1+ 32. Ke2 Qd3# 0-1

[Event "Partida valendo o nada absoluto "]
[Site "http://www.queenalice.com/game.php?id=704028"]
[Date "2009.12.27"]
[Round "-"]
[White "RatzMeister"]
[Black "filipewao"]
[Result "0-1"]
[WhiteElo "1786"]
[BlackElo "1497"]

1. e4 e5 2. Nf3 Nc6 3. Bc4 Nh6 4. d3 Bc5 5. Nc3 d6 6. a3 Ng4 7. Be3 Bxe3 8. fxe3
Nxe3 9. Qd2 Nd4 10. Rc1 Bh3 11. Qxe3 Bxg2 12. Nxd4 exd4 13. Qf2 Qg5 14. Ne2 Bxh1
15. Qxf7+ Kd8 16. Be6 Qe7 17. Kd2 Rf8 18. Qxe7+ Kxe7 19. Rxh1 Kxe6 20. Nxd4+ Kd7
21. Ke3 c5 22. Nf3 Rf6 23. h4 Raf8 24. Rh3 b5 25. b4 cxb4 26. axb4 Rc8 27. c4
bxc4 28. dxc4 Rxc4 29. e5 Rff4 30. Kd3 Rxb4 31. Kc2 Rbe4 32. exd6 Re3 33. Ne5+
Rxe5 34. Ra3 Kxd6 35. Rxa7 Rxh4 36. Rxg7 Rc5+ 37. Kd3 h5 38. Rg3 Rh1 39. Ke4 h4
40. Rg6+ Kc7 41. Kd4 Ra5 42. Kc4 h3 43. Kb4 Rf5 44. Ra6 h2 45. Rh6 Rf2 46. Kc3
Rc1+ 47. Kd3 h1=Q 48. Rxh1 Rxh1 49. Ke3 Rf8 50. Ke2 Rh7 51. Ke3 Rd7 52. Ke4 Re8+
53. Kf5 Rf7+ 54. Kg6 Rf1 55. Kg7 Re2 56. Kg6 Rg2+ 57. Kh5 Rh1# 0-1

[Event "CRI_PAU_FI_RA"]
[Site "http://www.queenalice.com/game.php?id=712578"]
[Date "2010.1.12"]
[Round "2"]
[White "RatzMeister"]
[Black "Cristiano_Siqueira"]
[Result "0-1"]
[WhiteElo "1746"]
[BlackElo "1285"]

1. e4 e5 2. Nf3 Nc6 3. Bc4 Bc5 4. d3 Nf6 5. Ng5 O-O 6. Nc3 d6 7. h3 Na5 8. a3
Nxc4 9. dxc4 Bd4 10. f4 h6 11. Nf3 Bxc3+ 12. bxc3 Nxe4 13. g4 Ng3 14. Rg1 exf4
15. Bxf4 Re8+ 16. Kf2 Ne4+ 17. Kg2 Nxc3 18. Qd4 Ne2 19. Qd3 Nxf4+ 20. Kg3 Nxd3
21. Rad1 Ne5 22. Rge1 Nxc4 23. Rxe8+ Qxe8 24. Re1 Be6 25. c3 Nxa3 26. g5 Qc6 27.
g6 Bxh3 28. gxf7+ Kxf7 29. Nd4 Qxc3+ 30. Nf3 Re8 0-1

[Event "Challenge"]
[Site "http://www.queenalice.com/game.php?id=740748"]
[Date "2010.3.4"]
[Round "-"]
[White "Sabaak_No_Gaara"]
[Black "RatzMeister"]
[Result "1-0"]
[WhiteElo "2005"]
[BlackElo "1752"]

1. e4 e5 2. f4 Nc6 3. Nf3 d5 4. exd5 Qxd5 5. Nc3 Qc5 6. a3 exf4 7. d4 Nxd4 8.
Nxd4 Bg4 9. Qxg4 Qxd4 10. Qxf4 Qxf4 11. Bxf4 O-O-O 12. Bd3 Nf6 13. O-O-O Bd6 14.
Bxd6 Rxd6 15. Bf5+ Kb8 16. Rxd6 cxd6 17. Nb5 g6 18. Bh3 Ne4 19. Rf1 a6 20. Nc3
f5 21. Nxe4 fxe4 22. Kd2 d5 23. Ke3 Kc7 24. Rf6 Kd8 25. Kd4 Ke7 26. Re6+ 1-0

[Event "Challenge"]
[Site "http://www.queenalice.com/game.php?id=740750"]
[Date "2010.3.4"]
[Round "-"]
[White "RatzMeister"]
[Black "Sabaak_No_Gaara"]
[Result "0-1"]
[WhiteElo "1758"]
[BlackElo "1999"]

1. e4 e5 2. Nf3 Nc6 3. Bc4 Nf6 4. d3 a6 5. Ng5 d5 6. Nxf7 Kxf7 7. exd5 Na5 8.
d6+ Nxc4 9. dxc4 Qxd6 10. Qxd6 cxd6 11. Nc3 Bf5 12. O-O Bxc2 13. Be3 Bd3 14.
Rfd1 Bxc4 15. b3 Be6 16. f3 Be7 17. g4 Rac8 18. Rac1 d5 19. g5 Nh5 20. a4 d4 21.
Bxd4 exd4 22. Rxd4 Bc5 23. Rd1 Bxd4+ 24. Rxd4 Rxc3 25. Kf2 Rxb3 26. f4 Rc8 0-1